000 00386nam a22001457a 4500
020 _a978-969-652-002-3
040 _cNUST
082 _a891.4392,UMI
100 _aUmit, Ahmet
_9110253
245 _aBaab e Asrar / باب اسرار (Urdu) /
_cAhmet Umit
260 _aLahore
_bJumhoori Pub
_c2015
300 _a415 p.;
650 _aUrdu Literature
942 _2ddc
_cBK
_k891.4392,UMI
999 _c593687
_d593687